<?xml version="1.0" encoding="UTF-8"?><?xml-stylesheet type="text/xsl" href="static/style.xsl"?><OAI-PMH xmlns="http://www.openarchives.org/OAI/2.0/" xmlns:xsi="http://www.w3.org/2001/XMLSchema-instance" xsi:schemaLocation="http://www.openarchives.org/OAI/2.0/ http://www.openarchives.org/OAI/2.0/OAI-PMH.xsd"><responseDate>2026-06-03T20:35:20Z</responseDate><request verb="GetRecord" identifier="oai:riuma.uma.es:10630/25577" metadataPrefix="marc">https://riuma.uma.es/rest/oai/request</request><GetRecord><record><header><identifier>oai:riuma.uma.es:10630/25577</identifier><datestamp>2026-02-03T11:08:32Z</datestamp><setSpec>com_10630_2254</setSpec><setSpec>col_10630_37953</setSpec></header><metadata><record xmlns="http://www.loc.gov/MARC21/slim" xmlns:dcterms="http://purl.org/dc/terms/" xmlns:doc="http://www.lyncode.com/xoai" xmlns:xsi="http://www.w3.org/2001/XMLSchema-instance" xsi:schemaLocation="http://www.loc.gov/MARC21/slim http://www.loc.gov/standards/marcxml/schema/MARC21slim.xsd">
   <leader>00925njm 22002777a 4500</leader>
   <datafield ind2=" " ind1=" " tag="042">
      <subfield code="a">dc</subfield>
   </datafield>
   <datafield ind2=" " ind1=" " tag="720">
      <subfield code="a">Rodríguez-Marín, Francisco José</subfield>
      <subfield code="e">author</subfield>
   </datafield>
   <datafield ind2=" " ind1=" " tag="720">
      <subfield code="a">Godínez Moreno, María Marcela</subfield>
      <subfield code="e">author</subfield>
   </datafield>
   <datafield ind2=" " ind1=" " tag="260">
      <subfield code="c">2022</subfield>
   </datafield>
   <datafield ind2=" " ind1=" " tag="520">
      <subfield code="a">El presente artículo forma parte de un proceso de investigación contextualizado en las actuaciones coreográficas del Conservatorio Superior de Danza de Málaga Ángel Pericet desarrolladas en el Centro de Arte Contemporáneo de Málaga entre los años 2008 y 2020. En el proemio del documento se aportan unas breves pinceladas sobre los distintos espacios tradicionalmente utilizados como escenario para la danza hasta llegar a uno de los menos convencionales: el museo. La acción del lenguaje corporal es una de las diferentes fórmulas que el museo oferta al visitante para la comprensión de las obras de arte. Estas representaciones dancísticas se presentan como una oferta novedosa por parte del Centro Arte Contemporáneo de Málaga a la vez que como actividad formativa del Conservatorio Superior de Danza Ángel Pericet.</subfield>
   </datafield>
   <datafield ind1="8" ind2=" " tag="024">
      <subfield code="a">https://hdl.handle.net/10630/25577</subfield>
   </datafield>
   <datafield ind1="8" ind2=" " tag="024">
      <subfield code="a">10.17811/li.28.2022.143-152</subfield>
   </datafield>
   <datafield tag="653" ind2=" " ind1=" ">
      <subfield code="a">Museos de arte contemporáneo</subfield>
   </datafield>
   <datafield tag="653" ind2=" " ind1=" ">
      <subfield code="a">Danza moderna</subfield>
   </datafield>
   <datafield ind2="0" ind1="0" tag="245">
      <subfield code="a">El Centro de Arte Contemporáneo de Málaga y el Conservatorio Superior de Danza de Málaga Ángel Pericet: colaboraciones</subfield>
   </datafield>
</record>
</metadata></record></GetRecord></OAI-PMH>